Διοικητική λογιστική και ανάπτυξη πληροφοριακών συστημάτων : διπλωματική εργασία

Αποθηκεύτηκε σε:
Λεπτομέρειες βιβλιογραφικής εγγραφής
Κύριος συγγραφέας: Παπαδάκη, Καλλιόπη
Συγγραφή απο Οργανισμό/Αρχή: Πανεπιστήμιο Αιγαίου Σχολή Επιστημών της Διοίκησης Τμήμα Διοίκησης Επιχειρήσεων Πρόγραμμα Μεταπτυχιακών Σπουδών στη Διοίκηση Επιχειρήσεων - M.B.A
Άλλοι συγγραφείς: Ζούντα, Στέλλα Αρ (Εισηγητής διατριβής)
Μορφή: Thesis Βιβλίο
Γλώσσα:Greek
Δημοσίευση: 2011
Θέματα:
Διαθέσιμο Online:http://hdl.handle.net/11610/13625
Ετικέτες: Προσθήκη ετικέτας
Δεν υπάρχουν, Καταχωρήστε ετικέτα πρώτοι!

MARC

LEADER 00000cam a2200000 i 4500
001 1/32706
008 130704s2011 gre d
035 |l 10114961 
040 |a GR-MY-UA  |b gre  |e aacr 
041 0 |a gre 
082 0 |a 658.1511  |2 (22) 
100 1 |a Παπαδάκη, Καλλιόπη. 
245 1 0 |a Διοικητική λογιστική και ανάπτυξη πληροφοριακών συστημάτων :  |b διπλωματική εργασία /  |c Παπαδάκη Καλλιόπη ; επιβλέπουσα καθηγήτρια: Ζούντα Στέλλα 
260 |c 2011 
300 |a 97 σ.;  |b πίν.;  |c 30 εκ. 
502 # # |a Διατριβή (μεταπτυχιακή) – Πανεπιστήμιο Αιγαίου, Χίος, 2011. 
504 |a Περιλαμβάνει βιβλιογραφία 
650 0 0 |a Managerial accounting. 
650 0 0 |a Management information systems. 
650 0 0 |a Dissertations, Academic  |z Greece. 
700 1 |4 ths  |a Ζούντα, Στέλλα Αρ. 
710 1 |a Πανεπιστήμιο Αιγαίου  |b Σχολή Επιστημών της Διοίκησης  |b Τμήμα Διοίκησης Επιχειρήσεων  |b Πρόγραμμα Μεταπτυχιακών Σπουδών στη Διοίκηση Επιχειρήσεων - M.B.A. 
852 |a INST  |b CHIOS  |c DIATR  |e 20130704  |h 658.1511 ΠΑΠ  |p 005200033245  |q 005200033245  |t MTXE  |y 23 
852 |a INST  |b CHIOS  |c DIATR  |e 20130704  |h 658.1511 ΠΑΠ  |p 005200033246  |q 005200033246  |t MTXE  |y 23 
856 |u http://hdl.handle.net/11610/13625 
901 |a BIBL2-2013-2 
909 |a Χ  |b 175787 
909 |a Χ  |b 175788 
924 |a ΠΑΠΑΔΑΚΗ  |b ΚΑΛΛΙΟΠΗ  |y ΧΙΟΣ  |z 2011-11 
970 |a ΠΑΡΟΙΚΑΚΗ  |b ΒΑΣΙΛΙΚΗ  |z 2013/07/04